Statistics for Countries of the World Quiz - One Hour

Click here to take the quiz!

General Stats

  • This quiz has been taken 45 times
  • The average score is 144 of 196

Answers on the Map

Answers color-coded by a green-red scale on the quiz's map according to % correct below.
 

Answer Stats

Country% Correct
Canada
90%
United States
90%
France
87%
Mexico
87%
Portugal
87%
Spain
87%
United Kingdom
87%
Austria
84%
Denmark
84%
Finland
84%
Germany
84%
Hungary
84%
Ireland
84%
Italy
84%
Norway
84%
Poland
84%
Sweden
84%
Switzerland
84%
Ukraine
84%
Afghanistan
81%
Albania
81%
Brazil
81%
Bulgaria
81%
Chile
81%
China
81%
Croatia
81%
Czech Republic
81%
El Salvador
81%
Greece
81%
Guatemala
81%
Honduras
81%
Iceland
81%
India
81%
Indonesia
81%
Kazakhstan
81%
Kosovo
81%
Malaysia
81%
Mongolia
81%
Netherlands
81%
Oman
81%
Qatar
81%
Romania
81%
Russia
81%
Saudi Arabia
81%
Slovenia
81%
Turkey
81%
Yemen
81%
Andorra
77%
Argentina
77%
Australia
77%
Belarus
77%
Belgium
77%
Belize
77%
Bhutan
77%
Bosnia and
Herzegovina
77%
Cyprus
77%
Dominican Republic
77%
Egypt
77%
Estonia
77%
Iran
77%
Iraq
77%
Israel
77%
Jamaica
77%
Japan
77%
Jordan
77%
Latvia
77%
Lebanon
77%
Luxembourg
77%
Moldova
77%
Monaco
77%
New Zealand
77%
Nicaragua
77%
North Korea
77%
Paraguay
77%
Philippines
77%
Serbia
77%
Slovakia
77%
South Africa
77%
South Korea
77%
Sri Lanka
77%
Thailand
77%
United Arab Emirates
77%
Uruguay
77%
Venezuela
77%
Bangladesh
74%
Bolivia
74%
Cambodia
74%
Colombia
74%
Cuba
74%
Guyana
74%
Lithuania
74%
Madagascar
74%
Malta
74%
Morocco
74%
Nepal
74%
North Macedonia
74%
Pakistan
74%
Panama
74%
Peru
74%
South Sudan
74%
Sudan
74%
Tajikistan
74%
Turkmenistan
74%
Uzbekistan
74%
Vatican City
74%
Vietnam
74%
Algeria
71%
Angola
71%
Armenia
71%
Bahamas
71%
Bahrain
71%
Chad
71%
Costa Rica
71%
Democratic Republic
of the Congo
71%
Djibouti
71%
Dominica
71%
Ecuador
71%
Eswatini
71%
Ethiopia
71%
Fiji
71%
Haiti
71%
Kenya
71%
Kuwait
71%
Kyrgyzstan
71%
Laos
71%
Maldives
71%
Papua New Guinea
71%
Republic of the Congo
71%
Rwanda
71%
San Marino
71%
Somalia
71%
Azerbaijan
68%
Barbados
68%
Benin
68%
Botswana
68%
Comoros
68%
Eritrea
68%
Georgia
68%
Ghana
68%
Lesotho
68%
Libya
68%
Liechtenstein
68%
Mauritania
68%
Mauritius
68%
Montenegro
68%
Mozambique
68%
Myanmar
68%
Namibia
68%
Niger
68%
Nigeria
68%
Saint Kitts and Nevis
68%
Senegal
68%
Singapore
68%
Solomon Islands
68%
Suriname
68%
Syria
68%
Taiwan
68%
Tanzania
68%
Trinidad and Tobago
68%
Tunisia
68%
Uganda
68%
Zambia
68%
Zimbabwe
68%
Antigua and Barbuda
65%
Brunei
65%
Burkina Faso
65%
Burundi
65%
Cape Verde
65%
Central African Republic
65%
East Timor
65%
Federated States of
Micronesia
65%
Gabon
65%
Grenada
65%
Guinea
65%
Kiribati
65%
Liberia
65%
Mali
65%
Marshall Islands
65%
Palau
65%
Saint Lucia
65%
Saint Vincent and the
Grenadines
65%
Samoa
65%
Togo
65%
Cameroon
61%
Equatorial Guinea
61%
Guinea-Bissau
61%
Ivory Coast
61%
Malawi
61%
Nauru
61%
São Tomé and Príncipe
61%
Seychelles
61%
Sierra Leone
61%
Tonga
61%
Tuvalu
61%
Vanuatu
61%
Gambia
58%

Score Distribution

Percentile by Number Answered

Percent of People with Each Score

Your Score History

You have not taken this quiz